[Event "FICGS class F 000143 email"]
[Site "FICGS email"]
[Date "2014.02.08"]
[Round "1"]
[White "Beni, Clement"]
[Black "Davis, Mark"]
[Result "0-1"]
[WhiteElo "1043"]
[BlackElo "1049"]
[PlyCount "46"]
[EventDate "2014.??.??"]
[EventType "tourn (corr)"]
[EventRounds "5"]
[SourceTitle "Corr 2022"]
[Source "ChessBase"]
[SourceDate "2021.10.24"]
[SourceVersion "1"]
[SourceVersionDate "2021.10.24"]
[SourceQuality "1"]

1. e4 c5 2. Nf3 Nc6 3. Nc3 e6 4. d3 h6 5. Bd2 Nf6 6. Be3 d6 7. Be2 Be7 8. 0-0 0-0 9. d4 cxd4 10. Bxd4 Nxd4 11. Nxd4 e5 12. Nf3 a6 13. b4 Bg4 14. Nd2 Bxe2 15. Qxe2 Rc8 16. Nd5 Rxc2 17. a3 Nxd5 18. exd5 Bg5 19. Qd3 Rxd2 20. Qc3 Rd4 21. a4 Qd7 22. f4 Bxf4 23. Rxf4 Rxf4 0-1

[Event "FICGS class F 000131 email"]
[Site "FICGS email"]
[Date "2013.06.25"]
[Round "1"]
[White "Bromo, Alexis"]
[Black "Beni, Clement"]
[Result "0-1"]
[WhiteElo "1140"]
[BlackElo "1109"]
[PlyCount "56"]
[EventDate "2013.??.??"]
[EventType "tourn (corr)"]
[EventRounds "5"]
[SourceTitle "Corr 2022"]
[Source "ChessBase"]
[SourceDate "2021.10.24"]
[SourceVersion "1"]
[SourceVersionDate "2021.10.24"]
[SourceQuality "1"]

1. d4 e6 2. c4 c5 3. Nc3 cxd4 4. Qxd4 Nc6 5. Qd1 Nf6 6. Bg5 h6 7. Bh4 g5 8. Bg3 Bb4 9. a3 Bxc3+ 10. bxc3 Qa5 11. Qc2 b5 12. cxb5 Qxb5 13. e4 Qc5 14. Nf3 Nxe4 15. Bd3 Qxc3+ 16. Qxc3 Nxc3 17. 0-0 d5 18. Be5 Rg8 19. Bh7 Ne2+ 20. Kh1 g4 21. Bxg8 f5 22. Rfe1 gxf3 23. gxf3 Ba6 24. Bxe6 Nxe5 25. Bxd5 Rd8 26. Be6 Bd3 27. Rad1 Ke7 28. f4 Be4+ 0-1

[Event "FICGS class E 000159 email"]
[Site "FICGS email"]
[Date "2013.02.01"]
[Round "1"]
[White "Budnar, Milos"]
[Black "Beni, Clement"]
[Result "1-0"]
[WhiteElo "1381"]
[BlackElo "1239"]
[PlyCount "61"]
[EventDate "2013.??.??"]
[EventType "tourn (corr)"]
[EventRounds "5"]
[SourceTitle "Corr 2022"]
[Source "ChessBase"]
[SourceDate "2021.10.24"]
[SourceVersion "1"]
[SourceVersionDate "2021.10.24"]
[SourceQuality "1"]

1. e4 Nc6 2. Nf3 e5 3. Bb5 Nd4 4. Nxd4 exd4 5. 0-0 c6 6. Ba4 Nf6 7. d3 b5 8. Bb3 Bb4 9. c3 dxc3 10. bxc3 Be7 11. e5 Nd5 12. Qg4 d6 13. Qxg7 Kd7 14. Qxf7 Qf8 15. Qh5 Qe8 16. Qf5+ Kc7 17. exd6+ Kxd6 18. Bf4+ Nxf4 19. Qxf4+ Kd7 20. Qe4 Kc7 21. Be6 Bd6 22. Re1 Qxe6 23. Qxe6 Bxe6 24. Rxe6 Rae8 25. Rxe8 Rxe8 26. Nd2 Re5 27. g3 h5 28. h4 b4 29. c4 Re2 30. Nb3 Bc5 31. Nxc5 1-0

[Event "FICGS class E 000119 email"]
[Site "FICGS email"]
[Date "2010.02.23"]
[Round "1"]
[White "Beni, Clement"]
[Black "Guralivu, Paul Iosif"]
[Result "0-1"]
[WhiteElo "1321"]
[BlackElo "1252"]
[PlyCount "52"]
[EventDate "2010.??.??"]
[EventType "tourn (corr)"]
[EventRounds "6"]
[SourceTitle "Corr 2013"]
[Source "ChessBase"]
[SourceDate "2012.11.12"]
[SourceVersion "1"]
[SourceVersionDate "2012.11.12"]
[SourceQuality "1"]

1. d4 Nf6 2. Nf3 d5 3. Nc3 Nc6 4. e3 Bg4 5. Bb5 a6 6. Bxc6+ bxc6 7. Ne2 Bxf3 8. gxf3 e6 9. e4 dxe4 10. fxe4 Nxe4 11. Be3 c5 12. dxc5 Bxc5 13. Qxd8+ Rxd8 14. Bxc5 Nxc5 15. 0-0 0-0 16. b4 Ne4 17. Rad1 Rxd1 18. Rxd1 h6 19. Nd4 Rd8 20. Rd3 Rd6 21. Nf3 Rxd3 22. Ne5 Rd1+ 23. Kg2 Rd2 24. Ng4 Rxc2 25. Kf3 Nf6 26. a4 Rb2 0-1

[Event "FICGS class E 000119 email"]
[Site "FICGS email"]
[Date "2010.02.23"]
[Round "1"]
[White "Beni, Clement"]
[Black "Jaspan, Mark"]
[Result "0-1"]
[WhiteElo "1321"]
[BlackElo "1336"]
[PlyCount "54"]
[EventDate "2010.??.??"]
[EventType "tourn (corr)"]
[EventRounds "6"]
[SourceTitle "Corr 2013"]
[Source "ChessBase"]
[SourceDate "2012.11.12"]
[SourceVersion "1"]
[SourceVersionDate "2012.11.12"]
[SourceQuality "1"]

1. e4 d6 2. Nc3 Nf6 3. Nf3 g6 4. d3 Bg7 5. Be2 0-0 6. Bg5 c5 7. Bxf6 Bxf6 8. a4 Nc6 9. e5 Nxe5 10. d4 Nxf3+ 11. Bxf3 Bxd4 12. 0-0 Bg7 13. Qe1 Rb8 14. Qd2 Qa5 15. Ne4 Qxd2 16. Nxd2 Bxb2 17. Ra2 Bg7 18. c4 h5 19. Rb2 Bxb2 20. Ne4 Bf5 21. Ng5 Bd3 22. Rd1 Bxc4 23. Rd2 Bd4 24. h3 b5 25. axb5 Rxb5 26. Ne4 d5 27. Ng5 Rb2 0-1

[Event "FICGS class E 000119 email"]
[Site "FICGS email"]
[Date "2010.02.23"]
[Round "1"]
[White "Moreno, Ciro Angel"]
[Black "Beni, Clement"]
[Result "1-0"]
[WhiteElo "1382"]
[BlackElo "1321"]
[PlyCount "41"]
[EventDate "2010.??.??"]
[EventType "tourn (corr)"]
[EventRounds "6"]
[SourceTitle "Corr 2013"]
[Source "ChessBase"]
[SourceDate "2012.11.12"]
[SourceVersion "1"]
[SourceVersionDate "2012.11.12"]
[SourceQuality "1"]

1. c4 Nf6 2. Nf3 Nc6 3. d4 e6 4. Bg5 Bb4+ 5. Bd2 Bxd2+ 6. Nbxd2 0-0 7. e4 d6 8. Bd3 e5 9. d5 Nd4 10. Nxd4 exd4 11. Nb3 c5 12. dxc6 Bg4 13. f3 Bc8 14. cxb7 Bxb7 15. Be2 Rc8 16. Qxd4 a5 17. Qa7 Ba8 18. Qxa5 Qxa5+ 19. Nxa5 Rc5 20. b4 Rc7 21. a4 1-0

[Event "FICGS class E 000119 email"]
[Site "FICGS email"]
[Date "2010.02.23"]
[Round "1"]
[White "Stoyanov, Zdravko"]
[Black "Beni, Clement"]
[Result "1-0"]
[WhiteElo "1333"]
[BlackElo "1321"]
[PlyCount "103"]
[EventDate "2010.??.??"]
[EventType "tourn (corr)"]
[EventRounds "6"]
[SourceTitle "Corr 2013"]
[Source "ChessBase"]
[SourceDate "2012.11.12"]
[SourceVersion "1"]
[SourceVersionDate "2012.11.12"]
[SourceQuality "1"]

1. e4 e5 2. Nf3 Nc6 3. a3 Nf6 4. Bb5 Nxe4 5. Bxc6 Nc5 6. Bd5 Qf6 7. d3 c6 8. Bg5 Qd6 9. Bc4 e4 10. Nfd2 exd3 11. cxd3 Qe5+ 12. Be3 Qxb2 13. Ra2 Qf6 14. Qe2 Be7 15. Nf3 b5 16. Bg5 Qd6 17. Bxe7 Qxe7 18. Qxe7+ Kxe7 19. Re2+ Kd8 20. Ne5 Rf8 21. Bxf7 Ke7 22. 0-0 d6 23. d4 Kf6 24. Bh5 Nb3 25. Nxc6 Bd7 26. d5 g6 27. Bf3 Rac8 28. Nxa7 Rc1 29. Rxc1 Nxc1 30. Rc2 Nd3 31. Be2 Nf4 32. Nc3 Nxe2+ 33. Nxe2 Re8 34. h3 b4 35. axb4 Ba4 36. Rb2 Bd1 37. Nc3 Re1+ 38. Kh2 h5 39. b5 g5 40. b6 g4 41. b7 gxh3 42. Kxh3 Bg4+ 43. Kg3 Rc1 44. Ne4+ Kf5 45. f3 Rh1 46. b8Q h4+ 47. Kf2 Bh5 48. Nxd6+ Ke5 49. Rd2 h3 50. Nc6+ Kf6 51. Qf8+ Kg5 52. Ne4+ 1-0

[Event "FICGS class E 000075 email"]
[Site "FICGS email"]
[Date "2008.02.11"]
[Round "1"]
[White "Beni, Clement"]
[Black "Cirovic, Veljko"]
[Result "0-1"]
[WhiteElo "1328"]
[BlackElo "1509"]
[PlyCount "46"]
[EventDate "2008.??.??"]
[EventType "tourn (corr)"]
[EventRounds "5"]
[SourceTitle "Corr 2022"]
[Source "ChessBase"]
[SourceDate "2021.10.24"]
[SourceVersion "1"]
[SourceVersionDate "2021.10.24"]
[SourceQuality "1"]

1. e4 c5 2. Bc4 Nc6 3. Nc3 f6 4. Bxg8 Rxg8 5. d3 e6 6. Nf3 d5 7. 0-0 dxe4 8. Nxe4 h6 9. Be3 a6 10. Qe2 e5 11. Nfd2 Nd4 12. Rac1 Nxe2+ 13. Kh1 Nxc1 14. Rxc1 Be6 15. Bxc5 Bxc5 16. Nxc5 Qb6 17. Na4 Qxf2 18. Ne4 Qd4 19. Nac5 Qxb2 20. Rf1 Kf7 21. Nd6+ Ke7 22. Nde4 Qxc2 23. Rf2 Qd1+ 0-1

[Event "FICGS class E 000075 email"]
[Site "FICGS email"]
[Date "2008.02.11"]
[Round "1"]
[White "Beni, Clement"]
[Black "Griffin, Chuck"]
[Result "1-0"]
[WhiteElo "1328"]
[BlackElo "1600"]
[PlyCount "57"]
[EventDate "2008.??.??"]
[EventType "tourn (corr)"]
[EventRounds "5"]
[SourceTitle "Corr 2022"]
[Source "ChessBase"]
[SourceDate "2021.10.24"]
[SourceVersion "1"]
[SourceVersionDate "2021.10.24"]
[SourceQuality "1"]

1. e4 d5 2. Nc3 Nf6 3. e5 Ng4 4. e6 Bxe6 5. Be2 Nc6 6. Bxg4 g6 7. Bxe6 fxe6 8. Nge2 Bh6 9. d3 Qd7 10. Bxh6 0-0-0 11. 0-0 e5 12. d4 Kb8 13. dxe5 Nxe5 14. Qd4 Nc6 15. Qf4 Qf5 16. Qxf5 gxf5 17. Nf4 d4 18. Ncd5 Rde8 19. Bg5 Ne5 20. Ne6 Nc6 21. Ndxc7 Rc8 22. Nd5 h6 23. a4 hxg5 24. a5 Rh6 25. h3 Rxe6 26. Rae1 Rd6 27. Nxe7 Nxe7 28. Rxe7 Rxc2 29. Rfe1 1-0

[Event "FICGS class C 000056 email"]
[Site "FICGS email"]
[Date "2007.08.13"]
[Round "1"]
[White "Beni, Clement"]
[Black "Kis Kos, Laszlo"]
[Result "0-1"]
[WhiteElo "1600"]
[BlackElo "1610"]
[PlyCount "44"]
[EventDate "2007.??.??"]
[EventType "tourn (corr)"]
[EventRounds "4"]
[SourceTitle "Corr 2022"]
[Source "ChessBase"]
[SourceDate "2021.10.24"]
[SourceVersion "1"]
[SourceVersionDate "2021.10.24"]
[SourceQuality "1"]

1. d4 Nf6 2. Nf3 d5 3. e3 Bf5 4. Bd3 Bg6 5. Ne5 e6 6. 0-0 Bd6 7. Bb5+ Nbd7 8. Bxd7+ Nxd7 9. Bd2 Nxe5 10. dxe5 Bxe5 11. f4 Bxb2 12. Nc3 Bxa1 13. Qxa1 0-0 14. Qe1 Bxc2 15. Qc1 Bd3 16. Qa3 Bxf1 17. Kxf1 b6 18. Ke1 Qh4+ 19. Kd1 Qxh2 20. Ne2 Qxg2 21. Bb4 c5 22. e4 cxb4 0-1

[Event "FICGS rapid B 000062 email"]
[Site "FICGS email"]
[Date "2007.08.09"]
[Round "1"]
[White "Livenais, Jean Rene"]
[Black "Beni, Clement"]
[Result "1-0"]
[WhiteElo "1737"]
[BlackElo "1600"]
[PlyCount "45"]
[EventDate "2007.??.??"]
[EventType "tourn (rapid)"]
[EventRounds "6"]
[SourceTitle "Corr 2022"]
[Source "ChessBase"]
[SourceDate "2021.10.24"]
[SourceVersion "1"]
[SourceVersionDate "2021.10.24"]
[SourceQuality "1"]

1. e4 d5 2. exd5 Nf6 3. d4 Bg4 4. f3 Bf5 5. Bb5+ Bd7 6. a4 Bxb5 7. axb5 Nxd5 8. Ne2 a6 9. 0-0 Nd7 10. c4 e6 11. cxd5 Bb4 12. dxe6 Nc5 13. exf7+ Kxf7 14. dxc5 Bxc5+ 15. Kh1 Bd6 16. Nbc3 Re8 17. Qd5+ Re6 18. Nd4 Qd7 19. Re1 Rae8 20. Nxe6 Rxe6 21. bxa6 c6 22. Qf5+ Ke7 23. Bg5+ 1-0

[Event "FICGS rapid B 000061 email"]
[Site "FICGS email"]
[Date "2007.08.01"]
[Round "1"]
[White "Sakharov, Vitalij"]
[Black "Beni, Clement"]
[Result "1-0"]
[WhiteElo "1438"]
[BlackElo "1600"]
[PlyCount "51"]
[EventDate "2007.??.??"]
[EventType "tourn (rapid)"]
[EventRounds "6"]
[SourceTitle "Corr 2022"]
[Source "ChessBase"]
[SourceDate "2021.10.24"]
[SourceVersion "1"]
[SourceVersionDate "2021.10.24"]
[SourceQuality "1"]

1. e4 e5 2. Nf3 Nc6 3. d4 Bd6 4. dxe5 Bxe5 5. Nxe5 Nxe5 6. Qd5 d6 7. Bd3 Nf6 8. Qb3 b6 9. 0-0 Be6 10. Qc3 h5 11. f4 Neg4 12. e5 Nd5 13. Qc6+ Qd7 14. Qxa8+ Qd8 15. Qxd8+ Kxd8 16. h3 Nh6 17. f5 Bd7 18. exd6 g6 19. dxc7+ Kxc7 20. fxg6 f6 21. Nc3 Nb4 22. g7 Rg8 23. Bxh6 f5 24. Bxf5 Rd8 25. Bxd7 Rxd7 26. g8Q 1-0